000 00443nam a2200181Ia 4500
003 OSt
005 20240216103121.0
008 210210b1957 xxu||||| |||| 00| 0 eng d
040 _cAL
041 _aeng
082 _a821/429
100 _aMILTON (John)
_9151700
245 _aSamson agonistes: Prince Ed
260 _aLondon
_bOxford University Press
_c1957
690 _aEnglish Literature
_9151705
906 _a011598
942 _2ddc
_cBK
999 _c130286
_d130286